A carregar...

TEXT BOOK OF BOTANY

Detalhes bibliográficos
Autor principal: TRANSEAU E.N, SAMPSON.H.C, TIFFANY L.H
Formato: Printed Book
Publicado em: NEW YORK HARPER & BROTHERS 1953
Assuntos:
LEADER 00518nam a2200205 4500
020
037
082 |a 580 TRA 
100 |a TRANSEAU E.N, SAMPSON.H.C, TIFFANY L.H 
245 |a TEXT BOOK OF BOTANY  |h ENGLISH 
250
260 |a NEW YORK  |b HARPER & BROTHERS  |c 1953 
300 |a 815  |f HB 
500
590
630
650 |a TEXT BOOK OF BOTANY 
942 |c TB 
999 |c 165145  |d 165145 
952 |0 0  |1 0  |4 0  |6 580_000000000000000_TRA  |7 0  |9 178595  |a BOT  |b BOT  |l 0  |o 580 TRA  |p BOT190  |r 2019-10-25  |w 2019-10-25  |y TB